• 首页
  • 本馆介绍
  • 公告通知
  • 最新文献
  • 馆藏检索
  • 电子资源
  • 读者导购
  • 参考咨询
  • 我的图书馆
  • 登录
  • 详细信息显示
  • 放入我的书架
  • 预约/预借图书
  • 作者相关作品
  • 分类相关作品
  • 丛书相关作品
  • 出版社相关作品

书目信息

  • 表格格式
  • 工作单格式
  • 卡片格式
题名:
爆破振动小波包分析理论与应用研究
    
 
作者: 宋光明 著
分册:  
出版信息: 长沙   国防科技大学出版社  2008
页数: 157页
开本: 26cm
丛书名:
单 册:
中图分类: TB41
科图分类:
主题词: 爆破--振动--研究 , 爆破 , 振动
电子资源:
ISBN: 978-7-81099-468-2
000 00945nam0 2200253 450
001 2340943116
005 20231224112241.08
010    @a978-7-81099-468-2@d19.00CNY
100    @a20090505d2008 em y0chiy0120 ea
101 0  @achi
102    @aCN@b430000
105    @ay z 000yy
200 1  @a爆破振动小波包分析理论与应用研究@Abao po zhen dong xiao bo bao fen xi li lun yu ying yong yan jiu@b专著@dBlasting vibration wavelet analysis: theory and applications@f宋光明著@zeng
210    @a长沙@c国防科技大学出版社@d2008
215    @a157页@d26cm
330    @a本书内容包括爆破振动特征研究,爆破振动动态响应与波形预测研究,爆破振动危害机制与危害评价标准研究等。
510 1  @aBlasting vibration wavelet analysis: theory and applications@zeng
606 0  @a爆破@x振动@x研究
606 0  @a爆破
606 0  @a振动
690    @aTB41@v5
701  0 @a宋光明@Asong guang ming@c(物理学)@4著
801  2 @aCN@b辽宁北配@c20231205
905    @aBZT@dTB41@e5
    
    爆破振动小波包分析理论与应用研究=Blasting vibration wavelet analysis: theory and applications/宋光明著.-长沙:国防科技大学出版社,2008
    157页;26cm
    
    
    ISBN 978-7-81099-468-2:19.00CNY
    本书内容包括爆破振动特征研究,爆破振动动态响应与波形预测研究,爆破振动危害机制与危害评价标准研究等。
●
相关链接 在五车中查询图书 在当当中查询图书 在豆瓣中查询图书


正题名:爆破振动小波包分析理论与应用研究     索取号:TB41/5         预约/预借

序号 登录号 条形码 馆藏地/架位号 状态 备注
1 2001698456   2001698456   辽三/辽宁北配(第三批)/3897/ [索取号:TB41/5] 在馆    
2 2001698457   2001698457   辽三/辽宁北配(第三批)/3897/ [索取号:TB41/5] 在馆    
3 2001698458   2001698458   辽三/辽宁北配(第三批)/3897/ [索取号:TB41/5] 在馆    
4 2001698459   2001698459   辽三/辽宁北配(第三批)/3897/ [索取号:TB41/5] 在馆    
5 2001698460   2001698460   辽三/辽宁北配(第三批)/3897/ [索取号:TB41/5] 在馆    
6 2001698461   2001698461   辽三/辽宁北配(第三批)/3897/ [索取号:TB41/5] 在馆    
7 2001698462   2001698462   辽三/辽宁北配(第三批)/3897/ [索取号:TB41/5] 在馆    
8 2001698463   2001698463   辽三/辽宁北配(第三批)/3897/ [索取号:TB41/5] 在馆    
9 2001698464   2001698464   辽三/辽宁北配(第三批)/3897/ [索取号:TB41/5] 在馆    
10 2001698465   2001698465   辽三/辽宁北配(第三批)/3897/ [索取号:TB41/5] 在馆    
11 2001698466   2001698466   辽三/辽宁北配(第三批)/3897/ [索取号:TB41/5] 在馆    
12 2001698467   2001698467   辽三/辽宁北配(第三批)/3897/ [索取号:TB41/5] 在馆    
13 2001698468   2001698468   辽三/辽宁北配(第三批)/3897/ [索取号:TB41/5] 在馆    
14 2001698469   2001698469   辽三/辽宁北配(第三批)/3897/ [索取号:TB41/5] 在馆    
15 2001698470   2001698470   辽三/辽宁北配(第三批)/3897/ [索取号:TB41/5] 在馆    
16 2001698471   2001698471   辽三/辽宁北配(第三批)/3897/ [索取号:TB41/5] 在馆    
17 2001698472   2001698472   辽三/辽宁北配(第三批)/3897/ [索取号:TB41/5] 在馆    
18 2001698473   2001698473   辽三/辽宁北配(第三批)/3897/ [索取号:TB41/5] 在馆    
19 2001698474   2001698474   辽三/辽宁北配(第三批)/3897/ [索取号:TB41/5] 在馆    
20 2001698475   2001698475   辽三/辽宁北配(第三批)/3897/ [索取号:TB41/5] 在馆    
21 2001698476   2001698476   辽三/辽宁北配(第三批)/3897/ [索取号:TB41/5] 在馆    
22 2001698477   2001698477   辽三/辽宁北配(第三批)/3897/ [索取号:TB41/5] 在馆    
23 2001698478   2001698478   辽三/辽宁北配(第三批)/3897/ [索取号:TB41/5] 在馆    
24 2001698479   2001698479   辽三/辽宁北配(第三批)/3897/ [索取号:TB41/5] 在馆    
25 2001698480   2001698480   辽三/辽宁北配(第三批)/3897/ [索取号:TB41/5] 在馆    
26 2001698481   2001698481   辽三/辽宁北配(第三批)/3897/ [索取号:TB41/5] 在馆    
27 2001698482   2001698482   辽三/辽宁北配(第三批)/3897/ [索取号:TB41/5] 在馆    
28 2001698483   2001698483   辽三/辽宁北配(第三批)/3897/ [索取号:TB41/5] 在馆    
29 2001698484   2001698484   辽三/辽宁北配(第三批)/3897/ [索取号:TB41/5] 在馆    
30 2001698485   2001698485   辽三/辽宁北配(第三批)/3897/ [索取号:TB41/5] 在馆    
山东省滨州职业学院图书馆 欢迎您!
大连网信软件有限公司© 版权所有